| 000 | 01076nam0a22003379 4500 | ||
|---|---|---|---|
| 001 | RU\NLR\b_ik\48358 | ||
| 005 | 20250616224355.0 | ||
| 010 | _a87-7304-288-9 | ||
| 035 | _a(NLR Aleph) 002122929 | ||
| 090 |
_a2027074 _c2027074 |
||
| 100 | _a19950127d1997 |||y0rusy50 ca | ||
| 101 | 0 | _arus | |
| 102 | _aRU | ||
| 105 | _aabc ||||||||| | ||
| 200 | 1 |
_aEverybody talks about it... _fBy A.Wiin Nielsen |
|
| 210 |
_aCopenhagen _cCommissioner: Munksgaard _d1997 |
||
| 215 |
_a96 c. _cил., портр., карт. _d25 |
||
| 225 | 1 |
_aMatematisk-fysiske medd. _fDet Kgl. Dan. vid. selskab _x0023-3323 _v44:4 |
|
| 320 | _aБиблиогр.: с. 94-96 | ||
| 541 | 0 | _aКаждый говорит об этом.... | |
| 606 | 0 |
_a<Погода> _x<Предсказания> _2nlr-sh1 |
|
| 686 |
_a37.21.39 _2rugasnti |
||
| 686 | 0 |
_aД246.8 _2rubbk |
|
| 700 | 1 |
_aWiin-Nielsen _bAksel _4070 |
|
| 801 | 0 |
_aRU _bNLR _c19950127 _gPSBO |
|
| 801 | 1 |
_aRU _bNLR _c20011023 |
|
| 852 |
_aNLR _jP7/453 |
||
| 942 | _cBOOK | ||
| 980 | _aNB | ||